00546 2200205 4500245004100000020001800041250001100059100001700070700002000087700002100107650001700128005001900145260004200164041001400206084001300220300003200233500005500265336000900320338001100329 aLove Lies Vol. 9cAoki, KotomihText a9786022661627 aCet. 1 aAoki, Kotomi aIne Martiana K. aMatina Rosmawati aKomik Jepang a20230131111850 aJakartabGramedia Pustaka Utamac2013 aIndonesia a741.5592 a... jil. :bilus. ;c17 cm. aJudul asli : Kanojo Wa Uso O Aishi Sugiteru Vol. 9 atext avolume